ბათუმის შოთა რუსთაველის სახელმწიფო უნივერსიტეტის ბიბლიოთეკა

Naxgivan mu tar. Respublikasinin Tarixi : (ბიბ.ჩანაწერი № 37727)

000 -LEADER
fixed length control field 00634nam a2200193Ia 4500
001 - CONTROL NUMBER
control field 3702
003 - CONTROL NUMBER IDENTIFIER
control field GE_BSU
005 - DATE AND TIME OF LATEST TRANSACTION
control field 20221031110633.0
008 - FIXED-LENGTH DATA ELEMENTS--GENERAL INFORMATION
fixed length control field 181216s2008az xx |||||||||||||| ||aze||
040 ## - CATALOGING SOURCE
Transcribing agency GE_BSU
041 ## - LANGUAGE CODE
Language code of text/sound track or separate title aze
080 ## - UNIVERSAL DECIMAL CLASSIFICATION NUMBER
Universal Decimal Classification number 94(479.24)+32(479.24)+33(479.24) N-31
245 ## - TITLE STATEMENT
Title Naxgivan mu tar. Respublikasinin Tarixi :
Remainder of title Siyasi, iqtisadi, Haldasi kitabi.
264 ## - PRODUCTION, PUBLICATION, DISTRIBUTION, MANUFACTURE, AND COPYRIGHT NOTICE
Place of production, publication, distribution, manufacture Naxgivan,
Date of production, publication, distribution, manufacture, or copyright notice 1998.
300 ## - PHYSICAL DESCRIPTION
Extent 63 с. :
Other physical details 24 см.
653 ## - INDEX TERM--UNCONTROLLED
keyword Naxcivan mu tar respublikasinin Tarixi.
653 ## - INDEX TERM--UNCONTROLLED
keyword ნაქსჯივან მუტარის რესპუბლიკის ისტორია.
942 ## - ADDED ENTRY ELEMENTS (KOHA)
Koha item type წიგნი
Source of classification or shelving scheme
ეგზემპლარები
Withdrawn status Lost status Source of classification or shelving scheme Damaged status Not for loan Permanent Location Current Location Shelving location Date acquired Full call number Barcode Date last seen Copy number Price effective from Koha item type
          ბათუმის შოთა რუსთაველის სახელმწიფო უნივერსიტეტის მთავარი ბიბლიოთეკა ბათუმის შოთა რუსთაველის სახელმწიფო უნივერსიტეტის მთავარი ბიბლიოთეკა წიგნსაცავი 2018-12-17 94(479.24)+32(479.24)+33(479.24) N-31 5303 2018-12-17 5303 2018-12-17 წიგნი
          ბათუმის შოთა რუსთაველის სახელმწიფო უნივერსიტეტის მთავარი ბიბლიოთეკა ბათუმის შოთა რუსთაველის სახელმწიფო უნივერსიტეტის მთავარი ბიბლიოთეკა წიგნსაცავი 2018-12-17 94(479.24)+32(479.24)+33(479.24) N-31 5304 2018-12-17 5304 2018-12-17 წიგნი